[Event "Milan Citta op-A"]
[Site "Milan"]
[Date "2007.05.20"]
[Round "4"]
[White "Mileo, Pierpaolo"]
[Black "Corti, Filippo"]
[Result "1-0"]
[WhiteElo "1676"]
[BlackElo "1649"]
[PlyCount "125"]
[EventDate "2007.05.18"]
[EventType "swiss"]
[EventRounds "5"]
[EventCountry "ITA"]
[SourceTitle "EXT 2010"]
[Source "ChessBase"]
[SourceDate "2010.11.25"]
[SourceVersion "1"]
[SourceVersionDate "2010.11.25"]
[SourceQuality "1"]

1. c4 Nf6 2. Nc3 g6 3. g3 Bg7 4. Bg2 d6 5. d4 0-0 6. Nf3 Nbd7 7. 0-0 c6 8. Qc2 Qc7 9. e4 e5 10. d5 cxd5 11. cxd5 b6 12. Re1 a5 13. Bf1 Ba6 14. Bxa6 Rxa6 15. Qe2 Nc5 16. Be3 Raa8 17. Bxc5 bxc5 18. Nb5 Qd7 19. a4 Nh5 20. Nd2 Nf6 21. Nc4 Ra6 22. Qd2 Qd8 23. Rad1 Nh5 24. f4 exf4 25. gxf4 Bh6 26. Rf1 Qh4 27. Qf2 Qe7 28. e5 Nxf4 29. Qf3 dxe5 30. Rde1 Qg5+ 31. Kh1 Bg7 32. d6 Rd8 33. Rd1 f5 34. Nc7 Ra7 35. Nd5 Ne6 36. Rg1 Qh4 37. Ne7+ Rxe7 38. dxe7 Qxe7 39. Rxd8+ Qxd8 40. Rd1 Qb8 41. Qc6 Nd4 42. Qd5+ Kh8 43. Nxa5 h5 44. Qb7 Qd8 45. Nc6 Qh4 46. Ne7 Qg4 47. Rg1 Qf3+ 48. Qxf3 Nxf3 49. Nc6 Nxg1 50. a5 e4 51. Kxg1 Bd4+ 52. Nxd4 cxd4 53. a6 d3 54. a7 d2 55. a8Q+ Kh7 56. Qa7+ Kg8 57. Qb8+ Kh7 58. Qc7+ Kh6 59. Qf4+ g5 60. Qd6+ Kg7 61. Qxd2 Kf6 62. Qd6+ Kg7 63. Qe5+ 1-0